Statistics for 'I'd do Anything' Lyrics from 'Oliver!'

Click here to take the quiz!

General Stats

  • This quiz has been taken 39 times
  • The average score is 44 of 52

Answer Stats

HintAnswer% Correct
TO __! __! __! __! __!Me
100%
I'd do anything for you ____ anythingdear
97%
I'd do anything for you _____ anythingdear
97%
I'd do anything for you ____ anythingDear
97%
For your _____ everything to memean
97%
For you _____ everything to meMean
97%
Anything for ___You
97%
Anything for ___You
97%
Anything for ____!You
97%
______Anything
95%
Yes we'd do ______Anything
95%
______Anything
95%
________?Anything
95%
______Anything
95%
______Anything
95%
______Anything
95%
______Anything
95%
______Anything
95%
_______Anything
95%
______?Anything
95%
______Anything
95%
________Anything
95%
Paint your face bright _____?blue
95%
I'd risk everything for one _____ everythingKiss
95%
I'd risk everything for one ____ everythingKiss
95%
Would you ___ a shop?Rob
95%
And _______ againback
92%
Though your eyes go ____!POP
89%
For you mean ________ to meeverything
86%
I _____ thatknow
86%
I ____ thatKnow
86%
I _____ thatknow
86%
I'd go anywhere for your ______ anywheresmile
86%
I'd go anywhere for your _____ anywheresmile
86%
I'd go anywhere for your _____ anywheresmile
86%
Even fight my ____?Bill
84%
Go to _________?Timbuktu
84%
___ I'd do anythingYes
84%
Would you climb a _____?hill
81%
Wear a _______?Daffodil
78%
WHAT? _________?Fisticuffs
78%
Would you risk the _____?drop
73%
Leave me on your _____?will
73%
For your smile ________ I'd seeEverywhere
70%
For your smile ________ I'd seeeverywhere
70%
For your smile _________ I'd seeanywhere
68%
Catch a __________?kangaroo
68%
When you come down _____!plop
62%
Would you _____ my shoe?lace
54%
___ everythingAnd
43%
We'd risk ____ ___ _____ to keep you in the swimLife and Limb
41%
______ I'd do anythingCause
22%

Score Distribution

Percentile by Number Answered

Percent of People with Each Score

Your Score History

You have not taken this quiz